| 000 | 00547nam a2200181Ia 4500 | ||
|---|---|---|---|
| 008 | 090630s9999 xx 000 0 und d | ||
| 082 | _b17609 | ||
| 100 | _aशिरवळकर सुहास. | ||
| 245 |
_aरुपमती. _cशिरवळकर सुहास. |
||
| 260 | _bसन. | ||
| 300 | _a0 | ||
| 600 | _aशिरवळकर सुहास. | ||
| 630 | _aरुपमती. | ||
| 655 | _aकादंबरी. | ||
| 700 | _aशिरवळकर सुहास. | ||
| 730 | _aरुपमती. | ||
| 942 | _cBOOK | ||
| 999 |
_c269465 _d269465 |
||